Calculus : Early transcendental functions /

Spremljeno u:
Bibliografski detalji
Glavni autor: Smith, Robert T. 1955-
Daljnji autori: Minton, Roland B., 1956-
Format: Knjiga
Jezik:English
Izdano: Boston : McGraw-Hill Higher Education, 2007.
Izdanje:3rd ed .
Teme:
Oznake: Dodaj oznaku
Bez oznaka, Budi prvi tko označuje ovaj zapis!
Thư viện lưu trữ: Mạng thư viện Đại học Đà Nẵng
LEADER 01159cam a22003491a 4500
001 000033453
003 9620
005 20210320145807.0
008 151016s2007 000 eng
020 |a 9780073527597 
040 |a lnn  |c lnn  |d lnn 
041 |a eng 
041 0 |a eng 
082 0 4 |a 515  |b SM-R 
100 1 |a Smith, Robert T.  |q (Robert Thomas),  |d 1955- 
245 1 0 |a Calculus :  |b Early transcendental functions /  |c Robert T. Smith, Roland B. Minton. 
250 |a 3rd ed . 
260 |a Boston :  |b McGraw-Hill Higher Education,  |c 2007. 
300 |a xxxii, 1261p. :  |b col. ill. ;  |c 26 cm. 
650 0 4 |a Calculus. 
653 |a Caculus. 
700 1 |a Minton, Roland B.,  |d 1956- 
OWN |a LNN 
902 |a TKA 
AVA |a UDN50  |b LNN  |c English  |d 420.51 HO-L  |e available  |t Error 5001 Not defined in file expand_doc_bib_avail.  |f 1  |g 0  |h N  |i 0  |j AN  |k 1 
999 |a From the UDN01 
AVA |a UDN50  |b LNN  |c English  |d 420.51 HO-L  |e available  |t Error 5001 Not defined in file expand_doc_bib_avail.  |f 1  |g 0  |h N  |i 0  |j AN  |k 1 
TYP |a Monograph 
980 |a Mạng thư viện Đại học Đà Nẵng